Statistics for U.S. States With the Most Pro Sports Teams

Click here to take the quiz!

General Stats

  • This quiz has been taken 107 times
  • The average score is 6 of 7

Answer Stats

# State % Correct
15California
100%
10New York
100%
8Texas
98%
9Florida
96%
5Illinois
84%
7Pennsylvania
78%
6Ohio
76%

Score Distribution

Percentile by Number Answered

Percent of People with Each Score

Your Score History

You have not taken this quiz